Perkhidmatan awam yang berkualiti : (Record no. 2027)

000 -LEADER
fixed length control field nam a22 a 4500
003 - CONTROL NUMBER IDENTIFIER
control field AKMAL
005 - DATE AND TIME OF LATEST TRANSACTION
control field 20170515090947.0
008 - FIXED-LENGTH DATA ELEMENTS--GENERAL INFORMATION
fixed length control field 170515s1991 my 00 may d
020 ## - INTERNATIONAL STANDARD BOOK NUMBER
International Standard Book Number 9679933105 (kkt.):
Terms of availability RM 25.00
040 ## - CATALOGING SOURCE
Original cataloging agency AKMAL
Transcribing agency AKMAL
041 ## - LANGUAGE CODE
Language code of text/sound track or separate title may
043 ## - GEOGRAPHIC AREA CODE
Geographic area code a-my---
049 ## - LOCAL HOLDINGS (OCLC)
Holding library klpmal
082 04 - DEWEY DECIMAL CLASSIFICATION NUMBER
Classification number 354.595006 AHM
090 ## - LOCALLY ASSIGNED LC-TYPE CALL NUMBER (OCLC); LOCAL CALL NUMBER (RLIN)
Classification number (OCLC) (R) ; Classification number, CALL (RLIN) (NR) 354.595006
Local cutter number (OCLC) ; Book number/undivided call number, CALL (RLIN) AHM
090 20 - LOCALLY ASSIGNED LC-TYPE CALL NUMBER (OCLC); LOCAL CALL NUMBER (RLIN)
Classification number (OCLC) (R) ; Classification number, CALL (RLIN) (NR) 354.595006
Local cutter number (OCLC) ; Book number/undivided call number, CALL (RLIN) AHM
100 ## - MAIN ENTRY--PERSONAL NAME
Personal name Ahmad Sarji Abdul Hamid,
Titles and words associated with a name Tan Sri Dato' Seri,
Dates associated with a name 1938-
9 (RLIN) 508
245 ## - TITLE STATEMENT
Title Perkhidmatan awam yang berkualiti :
Remainder of title dari perspektif Ahmad Sarji bin Abdul Hamid = Towards quality public service :
-- selected speeches of Tan Sri Dato' Seri Ahmad Sarji bin Abdul Hamid /
Statement of responsibility, etc. editor, Zakaria bin Ahmad
260 ## - PUBLICATION, DISTRIBUTION, ETC.
Place of publication, distribution, etc. Kuala Lumpur :
Name of publisher, distributor, etc. Institut Tadbiran Awam Negara ,
Date of publication, distribution, etc. 1991
300 ## - PHYSICAL DESCRIPTION
Extent xi, 625ms. ;
Dimensions 22cm
500 ## - GENERAL NOTE
General note Teks bahasa Malaysia dan Inggeris
650 ## - SUBJECT ADDED ENTRY--TOPICAL TERM
Topical term or geographic name entry element Civil service
Geographic subdivision Malaysia
9 (RLIN) 420
650 ## - SUBJECT ADDED ENTRY--TOPICAL TERM
Topical term or geographic name entry element Civil service ethics
Geographic subdivision Malaysia
9 (RLIN) 416
650 ## - SUBJECT ADDED ENTRY--TOPICAL TERM
Topical term or geographic name entry element Public administration
Geographic subdivision Malaysia
9 (RLIN) 419
651 ## - SUBJECT ADDED ENTRY--GEOGRAPHIC NAME
Geographic name Malaysia
General subdivision Politics and government
9 (RLIN) 44
700 0# - ADDED ENTRY--PERSONAL NAME
Personal name Zakaria Ahmad,
Dates associated with a name 1947-
9 (RLIN) 4201
710 2# - ADDED ENTRY--CORPORATE NAME
Corporate name or jurisdiction name as entry element Institut Tadbiran Awam Negara
9 (RLIN) 410
740 #2 - ADDED ENTRY--UNCONTROLLED RELATED/ANALYTICAL TITLE
Uncontrolled related/analytical title Towards quality public service
942 ## - ADDED ENTRY ELEMENTS (KOHA)
Source of classification or shelving scheme
Koha item type Book
Holdings
Withdrawn status Lost status Source of classification or shelving scheme Damaged status Not for loan Collection code Home library Current library Date acquired Inventory number Total Checkouts Full call number Barcode Date last seen Price effective from Koha item type
          NON-FICTION AKMAL Melaka AKMAL Melaka 15.05.2017 302397   354.595006 AHM 201706325 15.05.2017 15.05.2017 Book
Pusat Sumber Maklumat Dato' Haji Sarmin Md Hussin, Akademi Kastam Diraja Malaysia, Melaka
Tel: 06-2331106 | Faks: 06-2313787